01071nam a2200253 i 450000100060000000300090000600500170001500700030003200800410003502000180007608000320009411100480012624501670017426000640034130000210040550001110042660000540053770000300059170000390062170000250066070000270068571000830071285200220079554018ES-MaACL20250629053018.0t|031121s1987 sp ||||0| spa d a84-7491-216-4 a860 León Felipe 1.06(063)2 aSimposio "León Felipe" (d1984. cMadrid)10aLeón Felipe, poeta de la llama b: actas del Simposio "León Felipe", enero, 1984 / c[editores, María del Pilar Palomo, Milagros Arizmendi, José Paulino]. aMadrid : bEditorial de la Universidad Complutense, c1987. a336 p ; c18 cm. aPrecede al tít.: Departamento de Lingüística y Literatura, Facultad de Ciencias de la Información.04aLeón Felipe,d1884-1968-vCongresos y asambleas1 aLeón Felipe,d1884-19681 aPalomo, María del Pilar, d1933-1 aArizmendi, Milagros.1 aPaulino Ayuso, José.2 aUniversidad Complutense de Madrid. bFacultad de Ciencias de la Información. aES-MaACLjL-26691